Statistics for 10 Most Guessed Countries Starting with S

Click here to take the quiz!

General Stats

  • This quiz has been taken 46 times
  • The average score is 8 of 10

Answer Stats

LettersAnswer% Correct
6Sweden
93%
11South Africa
89%
11Switzerland
89%
10South Korea
87%
5Sudan
87%
8Slovakia
85%
7Somalia
83%
5Spain
83%
5Syria
72%
11Saudi Arabia
65%

Score Distribution

Percentile by Number Answered

Percent of People with Each Score

Your Score History

You have not taken this quiz